| 000 | 006620000a22002410004500 | ||
|---|---|---|---|
| 003 | LK-CoMWRAF | ||
| 005 | 20231127150840.0 | ||
| 008 | 230817t2003 ||||| |||| 00| 0 eng d | ||
| 020 | _a8174764526 | ||
| 040 |
_aLK-CoMWRAF _dLK-CoMWRAF _eLK-CoMWRAF |
||
| 041 | _aeng | ||
| 082 |
_a323.1 _bMIN |
||
| 245 | _aMinority protection in South Asia | ||
| 260 |
_aNew Delhi: _bUBS publishers, _c2003 |
||
| 300 |
_aix; 436 p. _bIndex included |
||
| 650 | _aCIVIL RIGHTS- minorities -- South Asia | ||
| 700 | _aMohsin, Amena | ||
| 700 | _aMohapatra, Bishnu. N | ||
| 700 | _aLawoti, Mehendra | ||
| 700 | _aUyangoda, Jayadeva | ||
| 700 | _aSalim, Ahmad | ||
| 942 | _cBK | ||
| 999 |
_c561 _d561 |
||